Statistics for Name the female artists of the top 40 biggest selling singles of all time

Click here to take the quiz!

General Stats

  • This quiz has been taken 276 times
    (265 since last reset)
  • The average score is 25 of 40

Answer Stats

Song/YearFemale Artist% Correct
Just dance 2010Lady Gaga
94%
Poker face 2009Lady Gaga
94%
Bad romance 2009Lady Gaga
94%
I will always love you 1992Whitney Houston
93%
Someone like you 2011Adele
92%
Make you feel my love 2008Adele
92%
Rolling in the deep 2011Adele
92%
My heart will go on 1998Celine Dion
91%
Think twice 1994Celine Dion
91%
Baby one more time 1999Britney Spears
89%
Wannabe 1996Spice Girls
85%
Say you'll be there 1996Spice Girls
85%
2 become 1 1996Spice Girls
85%
Roar 2013Katy Perry
83%
Fireworks 2010Katy Perry
83%
All I want for Christmas is you 1994Mariah Carey
80%
Believe 1998Cher
79%
Only girl ( in the world) 2010Rihanna
79%
We found love 2011Rihanna
79%
Diamonds 2012Rihanna
79%
Can't get you out of my head 2001Kylie Minogue
63%
Bleeding love 2007Leona Lewis
60%
A moment like this 2001Leona Lewis
60%
I will survive 1979Gloria Gaynor
58%
Call me maybe 2012Carly Rae Jepsen
57%
Price tag 2011Jessie J
56%
Starships 2012Nicki Minaj
55%
Torn 1997Natalie Imbruglia
49%
I feel love 1977Donna Summer
38%
Fame 1982Irene Cara
30%
Fight for this love 2009Cheryl Cole
28%
Jar of hearts 2011Christina Perri
28%
Hallelujah 2008Alexandra Burke
27%
Never ever 1997All Saints
26%
The power of love 1985Jennifer Rush
25%
Whole again 2001Atomic Kitten
22%
Saturday night 1994Whigfield
21%
C'est la vie 1998B'Witched
16%
I know him so well 1984Elaine Paige & Barbara Dickson
14%
Don't cry for me Argentina 1976Jolie Covington
0%

Score Distribution

Percentile by Number Answered

Percent of People with Each Score

Your Score History

You have not taken this quiz since the last reset